Movies Quiz

Random Movies or Oscar Quiz

First Time 2016 Oscar Nominees Quiz Stats

 Plays Quiz not verified by Sporcle

Challenge
Share
Tweet
Embed
Score 0/9 Timer 01:00
0 Plays Today
Question Answer Wrong Answers
Nominee Lucas Hedges
96.6%
Mel Gibson
1.7%
Nominee Ruth Negga
95.7%
Natalie Portman
1.7%
Nominee Mahershala Ali
91.4%
Michael Shannon
7.8%
Nominee Naomie Harris
91.4%
Michelle Williams
6.9%
Nominee Andrew Garfield
88.8%
Viggo Mortensen
9.5%
Nominee Isabelle Huppert
87.9%
Emma Stone
8.6%
Nominee Dev Patel
82.8%
Casey Affleck
15.5%
Nominee Barry Jenkins
70.7%
Kenneth Lonergan
26.7%
Nominee Denis Villeneuve
65.5%
Damien Chazelle
31.9%

You're not logged in!

Compare scores with friends on all Sporcle quizzes.
Join for Free
OR
Log In

You Might Also Like...

Show Comments

Extras

Top Quizzes Today


Score Distribution

Your Account Isn't Verified!

In order to create a playlist on Sporcle, you need to verify the email address you used during registration. Go to your Sporcle Settings to finish the process.

Report this User

Report this user for behavior that violates our Community Guidelines.

Details: